000 00898nam a2200301 a 4500
001 11597
003 BD-RjUL
005 20211208235142.0
008 140127s1982 maua b 001 0 eng
020 _a0201101807 :
020 _a0201101815
035 _a(BD-RjUL)
040 _aDLC
_cDLC
_dBD-RjUL
_beng
041 _aeng
082 0 0 _a570
_223
_bBAS 1982
100 1 _aBaker, Jeffrey J. W.
_935871
245 1 4 _aThe study of biology /
_cJeffrey J.W. Baker, Garland E. Allen.
250 _a4th ed.
260 _aReading, Mass. :
_bAddison Wesley,
_cc1982.
300 _aix ,190 p.:
_bill. ;
_c29 cm.
490 1 _aAddison-Wesley series in life science
504 _aIncludes bibliography index.
650 0 _aBiology.
_935872
700 1 _aAllen, Garland L.
_935873
830 0 _aAddison-Wesley series in the life sciences.
_9205053
942 _2ddc
_cBK
999 _c11597
_d11597